MARC

LEADER 00000nam0a2200000 4500
001 353185
005 20231102010552.0
035 |a (RuTPU)RU\TPU\retro\10264 
090 |a 353185 
100 |a 20200313d1934 k y0rusy50 ca 
101 0 |a rus 
102 |a RU 
105 |a a z 001zy 
200 1 |a Современная теория электролитов  |e [монография]  |f А. И. Бродский 
210 |a Ленинград  |c ОНТИ  |c Госхимтехиздат  |d 1934 
215 |a 256 с.  |c ил. 
317 |5 63413507: КР-6853  |a Поступил в НТБ в 2020 г. в дар от дочери ученого Э. А. Захаровой 
320 |a Именной указатель: с. 248-251 
320 |a Предметный указатель: с. 251-252 
606 1 |a Электролиты  |x Растворы  |2 stltpush  |3 (RuTPU)RU\TPU\subj\20138  |9 45264 
610 1 |a теория Аррениуса 
610 1 |a активность 
610 1 |a формальная теория 
610 1 |a электростатическая теория 
610 1 |a электропроводность 
610 1 |a монографии 
610 1 |a библиотека А. Г. Стромберга 
675 |a 544.354  |v 4 
700 1 |a Бродский  |b А. И.  |g Александр Ильич 
801 1 |a RU  |b 63413507  |c 20200313 
801 2 |a RU  |b 63413507  |c 20200709  |g RCR 
942 |c BK